Ornamental fish in Taiwan.
| Format: | Book |
|---|---|
| Published: |
[S.l]:
[s.n],
[200-].
|
| Subjects: |
| LEADER | 00400cam a2200145 7i4500 | ||
|---|---|---|---|
| 001 | 0000015184 | ||
| 005 | 20050329090000.0 | ||
| 090 | 0 | 0 | |a TAIW 639.34 |b ORN |
| 245 | 0 | 0 | |a Ornamental fish in Taiwan. |
| 260 | 0 | 0 | |a [S.l]: |b [s.n], |c [200-]. |
| 300 | # | # | |a 171 p. |
| 650 | 0 | 0 | |a Fishes -- |z Taiwan |
| 650 | 0 | 0 | |a Ornamental fishes -- |z Taiwan |
| 651 | 0 | 0 | |a Taiwan |
| 999 | |a 0000016328 |b Book |c Countries |e Business Information Centre | ||